LIBRARY & INFORMATION CENTRE, KCAET, TAVANUR

ONLINE PUBLIC ACCESS CATALOGUE (OPAC)

Elements of Modern Economics / (Record no. 2264)

MARC details
000 -LEADER
fixed length control field 00275cam a2200109ua 4500
082 ## - DEWEY DECIMAL CLASSIFICATION NUMBER
Classification number 330.1
Item number MEY/EL
100 ## - MAIN ENTRY--AUTHOR NAME
Personal name Meyers, Albert L .
245 ## - TITLE STATEMENT
Title Elements of Modern Economics /
260 ## - PUBLICATION, DISTRIBUTION, ETC. (IMPRINT)
Place of publication Culcutta :
Name of publisher Wald press culcutta ,
Year of publication 1952.
300 ## - PHYSICAL DESCRIPTION
Number of Pages 452 ; .
942 ## - ADDED ENTRY ELEMENTS (KOHA)
Koha item type Books
Holdings
Withdrawn status Lost status Damaged status Home library Current library Date acquired Full call number Accession Number Koha item type
Withdrawn     KAUAET Sanskrit University 07/04/2012 330.1 13265 Books
free website counter